Lịch sử kinh tế các nước Ngoài Liên xô T.1 Thời đại phong kiến

Trình bày cuộc cách mạng ruộng đất ở Anh thế kỷ 16. sự ra đời của chủ nghĩa tư bản ở Bắc Mỹ. sự sụp đổ của chế độ phong kiến Pháp. Phát triển kinh tế của Âns độ giai đoạn bành trướng của chủ nghĩa thực dân, chủ tư bản ở Nhật, Pháp....

Popoln opis

Shranjeno v:
Bibliografske podrobnosti
Glavni avtor: Pôlianxki, F.Ia.
Drugi avtorji: Trương Hữu Quýnh (Dịch)
Format: Knjiga
Izdano: H. Khoa học xã hội 1978
Serija:Sách tham khảo nước ngoài
Teme:
anh
Oznake: Označite
Brez oznak, prvi označite!
Thư viện lưu trữ: Mạng thư viện Đại học Đà Nẵng
LEADER 01708nam a22004458a 4500
001 000015250
003 11626
005 20120523160527.0
008 120523s1978 b 000 0 od
020 |d 6200b 
080 |a 33(N) 
082 |a 330.9  |b POL 
084 |a Q 
100 1 |a Pôlianxki, F.Ia. 
245 1 0 |a Lịch sử kinh tế các nước  |b Ngoài Liên xô  |c F.Ia. Pôlianxki ; Trương Hữu Quýnh dịch  |n T.1  |p Thời đại phong kiến 
260 |a H.  |b Khoa học xã hội  |c 1978 
300 |a 553 tr.  |c 22cm 
490 |a Sách tham khảo nước ngoài 
505 |a Q.2: Thời kỳ tư bản chủ nghĩa 
520 |a Trình bày cuộc cách mạng ruộng đất ở Anh thế kỷ 16. sự ra đời của chủ nghĩa tư bản ở Bắc Mỹ. sự sụp đổ của chế độ phong kiến Pháp. Phát triển kinh tế của Âns độ giai đoạn bành trướng của chủ nghĩa thực dân, chủ tư bản ở Nhật, Pháp. 
653 |a chủ nghĩa tư bản 
653 |a lịch sử 
653 |a chính trị 
653 |a xã hội 
653 |a công nghiệp 
653 |a pháp 
653 |a nhật 
653 |a anh 
653 |a kinh tế 
700 1 |a Trương Hữu Quýnh  |e Dịch 
OWN |a LSP 
AVA |a UDN50  |b LSP  |d 330.9 POL  |e available  |t Error 5001 Not defined in file expand_doc_bib_avail.  |f 1  |g 0  |h N  |i 0  |k 1 
999 |a From the UDN01 
AVA |a UDN50  |b LSP  |d 330.9 POL  |e available  |t Error 5001 Not defined in file expand_doc_bib_avail.  |f 1  |g 0  |h N  |i 0  |k 1 
TYP |a Monograph 
TYP |a Printed language 
980 |a Mạng thư viện Đại học Đà Nẵng